Statistics for Creepypasta

Click here to take the quiz!

General Stats

  • This quiz has been taken 400 times
  • The average score is 12 of 19

Answer Stats

HintAnswer% Correct
(male) the killerJeff
96%
DrownedBen
92%
(female) the killerjane
92%
Always watches, no eyesSlenderman
89%
Kidney eaterEyeless jack
86%
"Pop goes the Weasel"Laughing Jack
80%
MinecraftHerobrine
75%
"Will you play with me?"Sally
75%
Loves cheesecakeMasky
69%
"Spread the word"Smile dog
68%
Crouching HumainoidRake
65%
Kills with pillsHoodie
53%
Mickey MouseSuicidemouse.ovi
51%
Cartoon CharacterSquidward
43%
"He Comes"Zalgo
40%
"He died"Lost Silver
37%
"Can you feel the sunshine"Tails doll
33%
Skeleton marionette,The Skin Taker
30%
"A Princess? Or a Psychopath?"Angelica
8%

Score Distribution

Percentile by Number Answered

Percent of People with Each Score

Your Score History

You have not taken this quiz